GORA (Record no. 20189)
[ view plain ]
| 000 -LEADER | |
|---|---|
| fixed length control field | 00239nam a22001217a 4500 |
| 003 - CONTROL NUMBER IDENTIFIER | |
| control field | SGT |
| 082 ## - DEWEY DECIMAL CLASSIFICATION NUMBER | |
| Item number | TAG |
| 100 ## - MAIN ENTRY--PERSONAL NAME | |
| Personal name | TAIGOR, RAVINDER NATH |
| 245 ## - TITLE STATEMENT | |
| Title | GORA |
| 260 ## - PUBLICATION, DISTRIBUTION, ETC. (IMPRINT) | |
| Place of publication, distribution, etc | DELHI |
| Name of publisher, distributor, etc | HIND PUB. |
| Year of Publication | 1999 |
| 300 ## - PAGE DESCRIPTION | |
| No. of Pages | 307 |
| 942 ## - ADDED ENTRY ELEMENTS (KOHA) | |
| Source of classification or shelving scheme | Dewey Decimal Classification |
| Koha item type | Books |
| 942 ## - ADDED ENTRY ELEMENTS (KOHA) | |
| -- | 3 |
| Withdrawn status | Lost status | Source of classification or shelving scheme | Damaged status | Not for loan | Collection code | Home library | Current library | Date acquired | SGTU | Total Checkouts | Full call number | Accession No. (Barcode) | Date last seen | Date last borrowed | Bill Date | Koha item type |
|---|---|---|---|---|---|---|---|---|---|---|---|---|---|---|---|---|
| Dewey Decimal Classification | MASS COMMUNICATION | SGT Science & Social Sciences Library | SGT Science & Social Sciences Library | 06/07/2020 | SGTU | 3 | TAG | MC637 | 17/11/2023 | 10/11/2023 | 06/07/2020 | Books |